01170nam a2200193Ia 4500001001100000003001000011008004100021040002500062041001300087100001700100245011400117250001100231260005100242300001200293500026000305501011400565520026000679650003700939L858-37632IT-CnALBA170116s9999||||xx |||||||||||||| ||und|| aIT-CnALBAcIT-CnALBA aITALIANO aDOLCI GIULIO 0aLA VOCE DELL'ITALIA NEI SECOLI. VOL. II. TOMO II. ANTOLOGIA DELLA LETTERATURA ITALIANA. SEICENTO SETTECENTO.  a1a ed. a MI BO NAbLA PRORA C. ED. DI LOCATELLI cn.d. a748 p.  aMARINO. LIRICA DEL SEICENTO, DE SANCTIS. CHIABRERA. VINCENZO DA FILICAIA. TASSONI A. ROSA S. SEGNERI P. TOMMASEO. GALILEI G. MAGALOTTI L. SETTECENTO, ARCADIA. GRAVINA. POESIA. GOLDONI. ENCICLOPEDISMO. ILLUMINISMO. VERDI A. FAVOLISTI E DIDASCALICI. PARINI  aSocietà San Paolo EM - Piazza San Paolo, 14 - 12051 ALBA (CN) (non commercial uses only) ® Copyright 2017 aMARINO. LIRICA DEL SEICENTO, DE SANCTIS. CHIABRERA. VINCENZO DA FILICAIA. TASSONI A. ROSA S. SEGNERI P. TOMMASEO. GALILEI G. MAGALOTTI L. SETTECENTO, ARCADIA. GRAVINA. POESIA. GOLDONI. ENCICLOPEDISMO. ILLUMINISMO. VERDI A. FAVOLISTI E DIDASCALICI. PARINI  aMISCELLANEA E ANTOLOGIE ITALIANE